Statistics for Best NHL Players by Number - All Time

Click here to take the quiz!

General Stats

  • This quiz has been taken 22 times
  • The average score is 16 of 99

Answer Stats

HintAnswer% Correct
99Wayne Gretzky
93%
4Bobby Orr
79%
97Connor Mcdavid
79%
8Alex Ovechkin
64%
66Mario Lemieaux
64%
10Guy Lafleur
57%
1Johnny Bower
50%
87Sidney Crosby
50%
9Gordie Howe
43%
68Jaromir Jagr
43%
88Patrick Kane
43%
71Evgeny Malkin
36%
33Patrick Roy
36%
7Phil Esposito
36%
19Steve Yzerman
36%
2Brian Leetch
29%
31Carey Price
29%
29Ken Dryden
29%
20Luc Robitaille
29%
11Mark Messier
29%
30Martin Brodeur
29%
22Mike Bossy
29%
5Nicklas Lidstrom
29%
77Ray Bourque
29%
14Brendan Shanahan
21%
16Brett Hull
21%
24Chris Chelios
21%
18Denis Savard
21%
39Dominik Hasek
21%
12Jarome Iginla
21%
13Mats Sundin
21%
21Stan Mikita
21%
34Auston Matthews
14%
63Brad Marchand
14%
50Corey Crawford
14%
32Dale Hunter
14%
40Henrik Zetterberg
14%
17Jari Kurri
14%
58Kris Letang
14%
86Nikita Kucherov
14%
37Patrice Bergeron
14%
26Peter Stastny
14%
3Pierre Pilote
14%
93Ryan Nugent-Hopkins
14%
27Scott Niedermayer
14%
52Adam Foote
7%
69Andrew Desjardins
7%
23Bob Gainey
7%
44Chris Pronger
7%
57David Perron
7%
65Erik Karlsson
7%
92Gabriel Landeskog
7%
53Jeff Skinner
7%
55Larry Murphy
7%
81Marian Hossa
7%
98Mikhail Sergachev
7%
96Mikko Rantanen
7%
15Milt Schmidt
7%
6Phil Housley
7%
61Rick Nash
7%
59Roman Josi
7%
94Ryan Smyth
7%
56Sergei Zubov
7%
28Steve Larmer
7%
35Tony Esposito
7%
73Tyler Toffoli
7%
45Aaron Asham
0%
95Aleksei Morozov
0%
83Ales Hemsky
0%
89Alexander Mogilny
0%
47Alexander Radulov
0%
79Andrei Markov
0%
70Braden Holtby
0%
49Brian Savage
0%
62Carl Hagelin
0%
42David Backes
0%
54David Jones
0%
46David Krejci
0%
51Frans Nielsen
0%
75Hal Gill
0%
25Joe Nieuendyk
0%
60Jose Theodore
0%
78Marc Pouliot
0%
43Martin Biron
0%
82Martin Straka
0%
36Matthew Barnaby
0%
67Max Pacioretty
0%
64Mikael Granlund
0%
41Mike Smith
0%
84Mikhail Grabovski
0%
80Nik Antropov
0%
38Pavol Demitra
0%
85Petr Klima
0%
76P.K. Subban
0%
90Ryan O'Reilly
0%
48Scott Young
0%
72Sergei Bobrovsky
0%
91Sergei Federov
0%
74T.J. Oshie
0%

Score Distribution

Percentile by Number Answered

Percent of People with Each Score

Your Score History

You have not taken this quiz